000 01019nam a2200277 i 4500
001 000029587
003 DO-SdBNP
005 20250818092327.0
007 ta
008 110419s 2001 dr 000 0 spa d
040 _aDO-SdBNP
_bspa
_cBNPHU
_erda
041 _aspa
082 _axxx
_bR426d
_222
110 1 _aRepública Dominicana.
_bSuprema Corte de Justicia
_97906
245 1 0 _a2000 un año de logros :
_bmemorias del presidente de la Suprema Corte de Justicia /
_cpresentada por Jorge A. Subero Isa.
246 1 0 _aDos mil un año de logros :
_bmemorias del presidente de la Suprema Corte de Justicia
264 1 _aSanto Domingo :
_bSuprema Corte de Justicia,
_c2001.
300 _a193 páginas ;
_c22 cm.
336 _atexto
_btxt
_2rdacontent
337 _asin mediación
_bn
_2rdamedia
338 _avolumen
_bnc
_2rdacarrier
500 _aDía del poder judicial 7 de enero del 2001
590 _aInventariado, 2025/BT
700 1 _aSubero Isa, Jorge A.,
_d1947-
_epresentación
_976863
942 _2ddc
_cLBS1
999 _c29079
_d29079